| 000 | 00933nam a22002177a 4500 | ||
|---|---|---|---|
| 005 | 20170113091801.0 | ||
| 008 | 170113b mx||||| |||| 00| 0 spa d | ||
| 020 | _a9786074685145 | ||
| 050 | 0 | 4 |
_aKGF3835.5 _bS87 2012 |
| 110 | 1 | _aMéxico. Suprema Corte de Justicia de la Nación | |
| 245 | 1 | 0 |
_aReforma agraria: _bdurante los años veinte en los expedientes de la Suprema Corte de Justicia de la Nación / _cSuprema Corte de Justicia de la Nación. |
| 250 | _aPrimera edición | ||
| 260 |
_aMéxico : _bCoordinación dee Compilación y Sistematización de Tesis, _c2012 |
||
| 300 |
_a124 páginas : _bil. ; _c28 cm. |
||
| 490 | 0 |
_aArchivo de la Suprema Corte de Justicia de la Nación ; _v3 |
|
| 650 | 7 |
_2lemb _aReforma agraria _yS. XX _zMéxico |
|
| 650 | 7 |
_aRecurso de amparo _zMéxico |
|
| 650 | 7 |
_2lemb _aTenencia de la tierra _zMéxico |
|
| 651 | 7 |
_2lemb _aMéxico. Suprema Corte de Justicia _xResoluciones |
|
| 942 |
_2lcc _cLIB |
||
| 999 |
_c123964 _d123964 |
||